000 00494nam a2200181Ia 4500
001 25016
005 20260414151122.0
008 260414t2014||||xx |||||||||||||| ||spa||
041 _aESP
082 _a346.1
_bE88 2014
100 _aEspinoza Espinoza, Juan
_eAUT
245 0 _aDerecho de las personas :
_bpersonas jurídicas y organizaciones de personas no inscritas
260 _c2014
300 _a543 páginas :
_c25 cm.
650 _aDER
654 _aCDE
942 _cLIB
_dJUS
_fJUS
_2ddc
_n
999 _c25016
_d25016